[Event "FRA-chT3 Gr5 "]
[Site "Bretagne"]
[Date "2006.??.??"]
[Round "8.8"]
[White "Le Dref, Philippe"]
[Black "Poulain, Gaetan"]
[Result "1-0"]
[WhiteElo "1810"]
[BlackElo "1550"]
[PlyCount "73"]
[EventDate "2006.??.??"]
[EventType "team-tourn"]
[EventRounds "9"]
[EventCountry "FRA"]
[SourceTitle "EXT 2007"]
[Source "ChessBase"]
[SourceDate "2006.11.23"]
[SourceVersion "1"]
[SourceVersionDate "2006.11.23"]
[SourceQuality "1"]
[WhiteTeam "Queven"]
[WhiteTeamCountry "FRA"]

1. e4 e5 2. f4 d6 3. Nf3 Nc6 4. Bb5 Bd7 5. 0-0 Nf6 6. Nc3 Be7 7. d3 0-0 8. Bxc6 Bxc6 9. Kh1 exf4 10. Bxf4 Nd7 11. Nd4 Ne5 12. Nf5 Bg5 13. Bg3 f6 14. h4 g6 15. Nd4 Be3 16. Ne6 Qd7 17. Nxf8 Rxf8 18. Bxe5 dxe5 19. Qf3 Bf4 20. Nd5 Bxd5 21. exd5 g5 22. c4 Kh8 23. hxg5 Qg7 24. Qh5 Rg8 25. g6 Qxg6 26. Qxg6 Rxg6 27. Rf3 h5 28. Raf1 Kg7 29. Rh3 Rh6 30. Rff3 h4 31. Kg1 Bg3 32. Kf1 Kg6 33. Ke2 Kg5 34. c5 f5 35. Rfxg3+ hxg3 36. Rxh6 Kxh6 37. d6 1-0